LEADER 05111nam a2200733 u 4500 001 000000051522 003 CaOOAMICUS 005 20070226115339.0 008 000918s1969 gw abcf u000 u ger u 035 $a10855866 040 $aPUL(R)$bita 245 00$aDTV-Lexikon : /$cein Konversationlexikon in 20 Bänden. 260 $aMünchen :$bDeutscher Taschenbuch Verlag,$c1969. 300 $a20 v. :$bill., ritr., c. geog., tav. ;$c18 cm 490 1 $aDTV-Deutschen Taschenbuch Verlag ;$v3051-3070 500 $a"Mit Genehmigung erarbeitet nach Unterlagen der Lexikon-Redaktion des Verlages F.A. Brockhaus, Wiesbaden". 505 0 $av.1: A-Bam. -- v.2: Ban-Buch. -- v.3: Buci-Deus. -- v.4: Deut-Einq. -- v.5: Einr-Ez. -- v.6: F-Frat. -- v.7: Frau-Gold. -- v.8: Gole-Hir. -- v.9: His-Kaki. -- v.10: Kako-Kre. -- v.11: Kri-Mace. v.12: Mach-Muns. -- v.13: Munt-Pan. -- v.14: Pao-Pyx. -- v.15: Q-Sab. -- v.16: Sac-Semi. -- v.17: Semm-Stpo. -- v.18: Stra-Trir. -- v.19: Tris-Walo. -- v.20: Walp-Zz. 650 4$aEnciclopedie e dizionari.$0(OLS)http://pul/subject/1888 710 2 $aBrockhaus, F. A. Verlag.$0(OLS)http://pul/name/36655 830 0$aDTV ;$v3051-3070.$0(OLS)http://pul/title/69234 850 $aPUL 852 $aPUL$W1$xDP1 Fondo Ciprotti$y59$m1539 E 1-20$j68220$nBK-PRI$b $qFondi$B68220$CPULBib$Z2$F68220 $H $81 852 $aPUL$W1$xDP1 Fondo Ciprotti$y59$m1539 E 1-20$j68220$nBK-PRI$b $qFondi$B68221$CPULBib$Z2$F68221 $H $81 852 $aPUL$W1$xDP1 Fondo Ciprotti$y59$m1539 E 1-20$j68220$nBK-PRI$b $qFondi$B68222$CPULBib$Z2$F68222 $H $81 852 $aPUL$W1$xDP1 Fondo Ciprotti$y59$m1539 E 1-20$j68220$nBK-PRI$b $qFondi$B68223$CPULBib$Z2$F68223 $H $81 852 $aPUL$W1$xDP1 Fondo Ciprotti$y59$m1539 E 1-20$j68220$nBK-PRI$b $qFondi$B68224$CPULBib$Z2$F68224 $H $81 852 $aPUL$W1$xDP1 Fondo Ciprotti$y59$m1539 E 1-20$j68220$nBK-PRI$b $qFondi$B68225$CPULBib$Z2$F68225 $H $81 852 $aPUL$W1$xDP1 Fondo Ciprotti$y59$m1539 E 1-20$j68220$nBK-PRI$b $qFondi$B68226$CPULBib$Z2$F68226 $H $81 852 $aPUL$W1$xDP1 Fondo Ciprotti$y59$m1539 E 1-20$j68220$nBK-PRI$b $qFondi$B68227$CPULBib$Z2$F68227 $H $81 852 $aPUL$W1$xDP1 Fondo Ciprotti$y59$m1539 E 1-20$j68220$nBK-PRI$b $qFondi$B68228$CPULBib$Z2$F68228 $H $81 852 $aPUL$W1$xDP1 Fondo Ciprotti$y59$m1539 E 1-20$j68220$nBK-PRI$b $qFondi$B68229$CPULBib$Z2$F68229 $H $81 852 $aPUL$W1$xDP1 Fondo Ciprotti$y59$m1539 E 1-20$j68220$nBK-PRI$b $qFondi$B68230$CPULBib$Z2$F68230 $H $81 852 $aPUL$W1$xDP1 Fondo Ciprotti$y59$m1539 E 1-20$j68220$nBK-PRI$b $qFondi$B68231$CPULBib$Z2$F68231 $H $81 852 $aPUL$W1$xDP1 Fondo Ciprotti$y59$m1539 E 1-20$j68220$nBK-PRI$b $qFondi$B68232$CPULBib$Z2$F68232 $H $81 852 $aPUL$W1$xDP1 Fondo Ciprotti$y59$m1539 E 1-20$j68220$nBK-PRI$b $qFondi$B68233$CPULBib$Z2$F68233 $H $81 852 $aPUL$W1$xDP1 Fondo Ciprotti$y59$m1539 E 1-20$j68220$nBK-PRI$b $qFondi$B68234$CPULBib$Z2$F68234 $H $81 852 $aPUL$W1$xDP1 Fondo Ciprotti$y59$m1539 E 1-20$j68220$nBK-PRI$b $qFondi$B68235$CPULBib$Z2$F68235 $H $81 852 $aPUL$W1$xDP1 Fondo Ciprotti$y59$m1539 E 1-20$j68220$nBK-PRI$b $qFondi$B68236$CPULBib$Z2$F68236 $H $81 852 $aPUL$W1$xDP1 Fondo Ciprotti$y59$m1539 E 1-20$j68220$nBK-PRI$b $qFondi$B68237$CPULBib$Z2$F68237 $H $81 852 $aPUL$W1$xDP1 Fondo Ciprotti$y59$m1539 E 1-20$j68220$nBK-PRI$b $qFondi$B68238$CPULBib$Z2$F68238 $H $81 852 $aPUL$W1$xDP1 Fondo Ciprotti$y59$m1539 E 1-20$j68220$nBK-PRI$b $qFondi$B68239$CPULBib$Z2$F68239 $H $81 941 1 $a1 961 $aINV: F. Ciprotti 961 $aINV: F. Ciprotti 961 $aINV: F. Ciprotti 961 $aINV: F. Ciprotti 961 $aINV: F. Ciprotti 961 $aINV: F. Ciprotti 961 $aINV: F. Ciprotti 961 $aINV: F. Ciprotti 961 $aINV: F. Ciprotti 961 $aINV: F. Ciprotti 961 $aINV: F. Ciprotti 961 $aINV: F. Ciprotti 961 $aINV: F. Ciprotti 961 $aINV: F. Ciprotti 961 $aINV: F. Ciprotti 961 $aINV: F. Ciprotti 961 $aINV: F. Ciprotti 961 $aINV: F. Ciprotti 961 $aINV: F. Ciprotti 961 $aINV: F. Ciprotti 996 $6245$aDTV-Lexikon :$9(OLS)http://pul/title/69233 996 $6260$aMünchen :$bDeutscher Taschenbuch Verlag$9(OLS)http://pul/publisher/50827 LEADER 01273nam a2200337 u 4500 001 000000058205 003 CaOOAMICUS 005 20070226120651.0 008 010529s1985 it u000 u ita u 020 $a8826301638 035 $a10890689 040 $aPUL(R)$bita 041 1 $aita$hpor 100 1 $aBoff, Leonardo,$cO.F.M.,$d1938-$0(OLS)http://pul/name/3221 240 10$aGraça libertadora no mundo.$lItaliano.$0(OLS)http://pul/title/77957 245 13$aLa grazia come liberazione /$cLeonardo Boff. 250 $a2. ed. 260 $aRoma :$bBorla,$c1985. 300 $a299 p. ;$c20 cm 490 1 $aRicerche teologiche 504 $aBibliografia in nota. 650 4$aGrazia.$0(OLS)http://pul/subject/22983 650 4$aTeologia della liberazione.$0(OLS)http://pul/subject/2678 830 0$aRicerche teologiche (Borla).$0(OLS)http://pul/title/25197 850 $aPUL 852 $aPUL$W1$xSL Religione 1$y3$m58 H 38a$j76058$nBK-PRI$b $qStampati$B76058$CPULBib$Z2$F76058 $H $81 941 1 $a8 961 $aINV: 65362 996 $6020$a8826301638$9(OLS)http://pul/number/73719 996 $6245$aLa grazia come liberazione$9(OLS)http://pul/title/77958 996 $6260$aRoma :$bBorla$9(OLS)http://pul/publisher/48061